Informe de avance y presentación de resultados parciales del proyecto síntesis biogeográfica de la región del Pacífico colombiano (Registro nro. 958)

Detalles MARC
000 -CABECERA
Campo de control 01195nam a2200361 a 4500
005 - FECHA Y HORA DE LA ULTIMA TRANSACCION
Campo de control 20191224041549.0
008 - ELEMENTOS DE LONGITUD FIJA—INFORMACION GENERAL
Campo de control 151217b xxu||||| |||| 00| 0 spa d
040 ## - FUENTE DE CATALOGACIÓN
Agencia catalogadora original CO-BoIAVH
Agencia transcriptora CO-BoIAVH
041 ## - IDIOMA
Código de idioma para texto/pista de sonido o título separado Español
090 ## - CLASIFICACIÓN LOCAL
Colección LB
Consecutivo 00946
100 ## - ASIENTO PRINCIPAL--NOMBRE PERSONAL
Nombre personal Walschburger, Thomas
245 ## - MENCION DE TITULO
Título Informe de avance y presentación de resultados parciales del proyecto síntesis biogeográfica de la región del Pacífico colombiano
260 ## - PUBLICACION, DISTRIBUCION, ETC. (PIE DE IMPRENTA)
Lugar de publicación, distribución, etc. Bogotá
Nombre del editor, distribuidor, etc. Proyecto Biopacífico
Fecha de publicación, distribución, etc. 1996
300 ## - DESCRIPCION FISICA
Extensión 261 p.
650 ## - ASIENTO SECUNDARIO DE MATERIA - TERMINO TEMATICO
Término temático o nombre geográfico como elemento de entrada Biogeografía
650 ## - ASIENTO SECUNDARIO DE MATERIA - TERMINO TEMATICO
Término temático o nombre geográfico como elemento de entrada Biodiversidad
650 ## - ASIENTO SECUNDARIO DE MATERIA - TERMINO TEMATICO
Término temático o nombre geográfico como elemento de entrada Ecología de poblaciones
650 ## - ASIENTO SECUNDARIO DE MATERIA - TERMINO TEMATICO
Término temático o nombre geográfico como elemento de entrada Ecosistemas
650 ## - ASIENTO SECUNDARIO DE MATERIA - TERMINO TEMATICO
Término temático o nombre geográfico como elemento de entrada Areas prioritarias de conservación
650 ## - ASIENTO SECUNDARIO DE MATERIA - TERMINO TEMATICO
Término temático o nombre geográfico como elemento de entrada Vegetación
650 ## - ASIENTO SECUNDARIO DE MATERIA - TERMINO TEMATICO
Término temático o nombre geográfico como elemento de entrada Lepidopteros
650 ## - ASIENTO SECUNDARIO DE MATERIA - TERMINO TEMATICO
Término temático o nombre geográfico como elemento de entrada Herpetofauna
650 ## - ASIENTO SECUNDARIO DE MATERIA - TERMINO TEMATICO
Término temático o nombre geográfico como elemento de entrada Aves
650 ## - ASIENTO SECUNDARIO DE MATERIA - TERMINO TEMATICO
Término temático o nombre geográfico como elemento de entrada Mamíferos
662 ## - ASIENTO SECUNDARIO DE MATERIA - JERARQUIA DEL NOMBRE DE LUGAR(
País o entidad mayor Colombia
Jurisdicción política intermedia Pacífico
662 ## - ASIENTO SECUNDARIO DE MATERIA - JERARQUIA DEL NOMBRE DE LUGAR(
País o entidad mayor Colombia
Jurisdicción política intermedia Chocó biogeográfico
700 ## - ASIENTO SECUNDARIO - NOMBRE PERSONAL
Nombre personal Hurtado, Adriana
700 ## - ASIENTO SECUNDARIO - NOMBRE PERSONAL
Nombre personal Romero, Milton
700 ## - ASIENTO SECUNDARIO - NOMBRE PERSONAL
Nombre personal Rivas, María del Pilar
700 ## - ASIENTO SECUNDARIO - NOMBRE PERSONAL
Nombre personal Polo, Claudia Sofía
700 ## - ASIENTO SECUNDARIO - NOMBRE PERSONAL
Nombre personal Ahumada, Martha Liliana
942 ## - ELEMENTOS ADICIONALES (KOHA)
Tipo de ítem Informe Técnico
Sistema de clasificación Local
Existencias
Withdrawn status Lost status Sistema de Clasificación Damaged status No para préstamo Colección Inventariado Ubicación Permanente Ubicación actual Fecha de adquisición Fuente de Valor Total Checkouts Número topográfico Inventario / Código de Barras Date last seen Ejemplar Price effective from Forma de adquisición Tipo de material
    Local     General Inventariado 2017 Bogotá Bogotá 13/01/1999 Programa Becas   LB-00946 001329 04/12/2012 Ej. 1 04/12/2012   Informe Técnico